000 01176nam a22002177a 4500
999 _c59884
_d59884
003 Ge_BSU
005 20230505094452.0
008 230505s1993 ge ||||| |||| 00| 0 geo d
041 _ageo
080 _a745.52+902.7(=99.962.1) ს-96
100 _aსურგულაძე, ი.
_917980
245 _aქართული ხალხური ორნამენტის სიმბოლიკა /
_c[რედ.: თ. ოჩიაური]; საქ. რესპ. მეცნ. აკად., ივ. ჯავახიშვილის სახ. ისტორიისა და ეთნოგრაფიის ინ-ტი.
264 _aთბილისი:
_b სამშობლო,
_c1993.
300 _a240გვ. ;
_b 20სმ.
504 _aბიბლიოგრ.: გვ. 230 - 238.
520 _aრეზ. რუს. და ინგლ. ენ.
653 _aქართული ხალხური ორნამენტი
653 _aსიმბოლოები ქართულ ხელოვნებაში
700 _aოჩიაური, თ.
_eრედაქტორი
_917981
942 _2udc
_cBK